000 00655nam a2200217Ia 4500
001 17510
003 GE_BSU
008 181216s||||||||xx |||||||||||||| ||und||
040 _cGE_BSU
080 _a821.353.1-32
100 _aლობჟანიძე,დიმიტრი
245 _aმერცხალი
245 _bმოთხრობები
245 _cრედ.:ლ.ერისთავი;მხატვ.:დ.გრიგოლია
260 _aთბილისი
260 _bნაკადული
260 _c1988
300 _a150გვ.;20სმ
653 _aმოთხრობები
942 _cBK
999 _c50560
_d50560